| 000 | 00402nam a2200157Ia 4500 | ||
|---|---|---|---|
| 008 | 210210b1992 xxu||||| |||| 00| 0 eng d | ||
| 020 | _a0 07 462087 8 | ||
| 082 | _a658 DRUM | ||
| 100 | _aDRUCKER (Peter F). | ||
| 245 | _aManaging for the future: the 1990s & beyond. | ||
| 260 |
_aDelhi. _bT M H _c1992 |
||
| 300 | _axiii,370 | ||
| 650 | _aManaging Future | ||
| 690 | _aManageme | ||
| 906 | _a0478 | ||
| 999 |
_c96712 _d96712 |
||